000 00523nam a2200181Ia 4500
008 160319s9999 xx 000 0 und d
050 _a929.81599
050 _bG786 2007
245 _aGreat men and women of Asia :
245 _bRamon Magsaysay Awardees from Southeast Asia 1958-1973 /
245 _cRamon Magsaysay Award Foundation ; edited by Cecile C.A. Balgos.
260 _aPasig City :
260 _bAnvil Pub. Inc
260 _c2007
300 _a xi, 294 p. :
300 _bill. ;
300 _c23 cm.
999 _c292250
_d292250